000 01341aab a2200205 4500
001 768714001
003 CO-MdFUSB
005 20240613125116.0
008 170523s1999 cr ||||| |||| 00| 0 spa d
022 _a1409-1968
040 _aCO-MdFUSB
_bspa
_cCO-MdFUSB
_dCO-MdFUSB
041 _aspa
100 1 _aKessler, Juan B. A. (1925-)
_eautor
245 1 0 _aVientos de doctrina a través de la historia :
_befectos e implicaciones para la iglesia hoy
_c/ Juan B. A. Kessler
300 _aVolumen 17. Número 1 (1999), páginas 12-16
_c: 27 cm.
520 _aEn este artículo se analizan diez tipos de vientos doctrinales negativos, entre ellos: La salvación depende, en parte, del esfuerzo humano, La salvación depende de los ritos religiosos. La salvación depende de técnicas o de ciertos conocimientos, Reducir el concepto de Dios a lo humanamente comprensible. Una adaptación excesiva a las costumbres paganas. La búsqueda de una experiencia inmediata con Dios. Las nuevas doctrinas con respecto a la guerra espiritual. Interpretación incorrecta de las manifestaciones espirituales. Los diezmos pertenecen al pastor. La lucha doctrinal como disfraz de una lucha por el poder.
773 0 _tApuntes Pastorales
_049442
_960187
_gVolumen 17. Número 1 (1999), páginas 12-16
_qPágina 12
942 _cANA
945 _aJTF-925
999 _c59824
_d59824